00802cam a22002531 4500001001300000003000400013005001700017007001500034008004100049010001700090035001900107040002500126042001200151050001600163100003300179245005900212260005200271300001900323530006900342651002700411651004200438856005100480999001700531rc 01002479 DLC20260227111906.0cr_|||||||||||780814s1879 alu 000 0deng  arc 01002479  a(OCoLC)4138532 aDLCcABAUdABAUdDLC apremarc00aF334.S4bH21 aHardy, John,cof Selma, Ala.10aSelma:bher institutions, and her men,cby John Hardy. aSelma, Ala.,bTimes Book and Job Office,c1879. a200 p.c24 cm. aAlso available in digital form on the Internet Archive Web site. 0aSelma (Ala.)xHistory. 0aSelma (Ala.)xDescription and travel.41uhttp://hdl.loc.gov/loc.gdc/scd0001.00145404095 c52323d52323